<?xml version="1.0" encoding="UTF-8"?>
<record
    xmlns:xsi="http://www.w3.org/2001/XMLSchema-instance"
    xsi:schemaLocation="http://www.loc.gov/MARC21/slim http://www.loc.gov/standards/marcxml/schema/MARC21slim.xsd"
    xmlns="http://www.loc.gov/MARC21/slim">

  <leader>01527nam a2200301 a 4500</leader>
  <controlfield tag="001">1216781</controlfield>
  <controlfield tag="003">OSt</controlfield>
  <controlfield tag="005">20230310185736.0</controlfield>
  <controlfield tag="008">090511s2009    ck     gr     0001fdspa d</controlfield>
  <datafield tag="015" ind1=" " ind2=" ">
    <subfield code="a">ck-2009-xxxx</subfield>
  </datafield>
  <datafield tag="020" ind1=" " ind2=" ">
    <subfield code="a">9789587048445</subfield>
  </datafield>
  <datafield tag="040" ind1=" " ind2=" ">
    <subfield code="b">spa </subfield>
    <subfield code="c">CO-MqBPB</subfield>
  </datafield>
  <datafield tag="041" ind1="1" ind2=" ">
    <subfield code="a">spa </subfield>
    <subfield code="h">eng</subfield>
  </datafield>
  <datafield tag="043" ind1=" " ind2=" ">
    <subfield code="a">n-us---</subfield>
  </datafield>
  <datafield tag="082" ind1="0" ind2="4">
    <subfield code="a">JN</subfield>
    <subfield code="b">MEYh</subfield>
  </datafield>
  <datafield tag="100" ind1="1" ind2=" ">
    <subfield code="a">Meyer, Stephenie, </subfield>
    <subfield code="d">1973-</subfield>
  </datafield>
  <datafield tag="245" ind1="1" ind2="3">
    <subfield code="a">La hu&#xE9;sped /</subfield>
    <subfield code="b">the host / </subfield>
    <subfield code="c">Stephenie Meyer ; traducci&#xF3;n Mar&#xED;a Jes&#xFA;s S&#xE1;nchez Raya.</subfield>
  </datafield>
  <datafield tag="260" ind1="3" ind2=" ">
    <subfield code="a">Bogot&#xE1; : </subfield>
    <subfield code="b">Suma de Letras, </subfield>
    <subfield code="c">2009.</subfield>
  </datafield>
  <datafield tag="300" ind1=" " ind2=" ">
    <subfield code="a">757 paginas</subfield>
    <subfield code="c">23 cm.</subfield>
    <subfield code="b">Tapa R&#xFA;stica</subfield>
  </datafield>
  <datafield tag="500" ind1=" " ind2=" ">
    <subfield code="a">Una historia de amor y traici&#xF3;n en un futuro donde est&#xE1; en juego el destino de la humanidad. Melanie Stryder se niega a desaparecer. La tierra ha sido invadida por criaturas que han tomado el control de las mentes de los humanos en los que se hospedan, dejando los cuerpos intactos, y la mayor parte de la humanidad ha sucumbido. Wanderer, el &#xAB;alma&#xBB; invasora que habita el cuerpo de Melanie, se enfrenta al reto de vivir dentro de un humano: las emociones abrumadoras, los recuerdos demasiado intensos, pero hay una sola dificultad que Wanderer no consigue vencer: la anterior propietaria de su cuerpo lucha por retener la posesi&#xF3;n de su mente.</subfield>
  </datafield>
  <datafield tag="650" ind1=" " ind2=" ">
    <subfield code="a">Novela estadounidense.</subfield>
  </datafield>
  <datafield tag="650" ind1=" " ind2=" ">
    <subfield code="a">Novela amorosa.</subfield>
  </datafield>
  <datafield tag="650" ind1=" " ind2="6">
    <subfield code="a">Tri&#xFFFD;ngulos (Relaciones humanas)</subfield>
  </datafield>
  <datafield tag="700" ind1="1" ind2=" ">
    <subfield code="a">S&#xFFFD;nchez Raya, Mar&#xFFFD;a Jes&#xFFFD;s, </subfield>
    <subfield code="e">traductora</subfield>
  </datafield>
  <datafield tag="740" ind1="4" ind2=" ">
    <subfield code="a">The host.</subfield>
  </datafield>
  <datafield tag="942" ind1=" " ind2=" ">
    <subfield code="2">ddc</subfield>
    <subfield code="c">BKLIT</subfield>
  </datafield>
  <datafield tag="949" ind1=" " ind2=" ">
    <subfield code="a">n                  </subfield>
    <subfield code="b">c</subfield>
  </datafield>
  <datafield tag="999" ind1=" " ind2=" ">
    <subfield code="c">14815</subfield>
    <subfield code="d">14815</subfield>
  </datafield>
  <datafield tag="952" ind1=" " ind2=" ">
    <subfield code="0">0</subfield>
    <subfield code="1">0</subfield>
    <subfield code="2">ddc</subfield>
    <subfield code="4">0</subfield>
    <subfield code="7">0</subfield>
    <subfield code="8">LJ</subfield>
    <subfield code="a">BPMOS</subfield>
    <subfield code="b">BPMOS</subfield>
    <subfield code="c">FIC</subfield>
    <subfield code="d">2023-03-10</subfield>
    <subfield code="e">Donaci&#xF3;n</subfield>
    <subfield code="l">14</subfield>
    <subfield code="m">8</subfield>
    <subfield code="o">JN MEYh</subfield>
    <subfield code="p">MOS503031</subfield>
    <subfield code="r">2026-05-15</subfield>
    <subfield code="s">2026-03-04</subfield>
    <subfield code="t">Ej. 1</subfield>
    <subfield code="w">2023-03-10</subfield>
    <subfield code="y">BKLIT</subfield>
    <subfield code="z">Quince d&#xED;as</subfield>
  </datafield>
</record>
